000 00857cam a2200241 a 4500
999 _c233049
_d233049
001 3286206
003 Nust
005 20170228110033.0
008 821123s1981 enk 000 1 eng
010 _a 82170446
020 _a9780349106595
040 _aDLC
_cDLC
_dDLC
041 1 _aengger
050 0 0 _aPT2621.A26
_bA28 1981
082 0 0 _a833.912
_bKAF
100 1 _aKafka, Franz,
_d1883-1924.
240 1 0 _aShort stories.
_kSelections.
_lEnglish
245 1 0 _aStories, 1904-1924 /
_cFranz Kafka ;
260 _aLondon :
_bMacdonald,
_c1981.
300 _a271 p. ;
_c23 cm.
600 1 0 _aKafka, Franz,
_d1883-1924
_xTranslations into English.
650 _aFiction
906 _a7
_bcbc
_corignew
_d2
_encip
_f19
_gy-gencatlg
942 _2ddc
_cBK